000 00339 a2200109 4500
001 ART_11480
005 20260410161858.0
008 260409a
245 1 0 _aApertura, Integración y Pymes Metalmecánica en Córdoba
100 1 _aMotta, Jorge J.
773 0 _tRevista de Economía
_g- Nº 70 (jul./sep. 1993)
_wREV11077
999 _c25615
_d25615